আপনার কুশল, (Record no. 8649)
[ view plain ]
| 000 -LEADER | |
|---|---|
| fixed length control field | 00679nam a2200217 a 4500 |
| 001 - CONTROL NUMBER | |
| JCCL Control Number | 8649 |
| 003 - CONTROL NUMBER IDENTIFIER | |
| JCCL marc code | BD-JhCC |
| 005 - DATE AND TIME OF LATEST TRANSACTION | |
| control field | 20180228184131.0 |
| 008 - FIXED-LENGTH DATA ELEMENTS--GENERAL INFORMATION | |
| fixed length control field | 180228s১৯৮৬ |||| ||a| 000 0 b d |
| 035 ## - SYSTEM CONTROL NUMBER | |
| system control number | (BD-JhCC)8649 |
| 040 ## - CATALOGING SOURCE | |
| Original cataloging agency | BD-JhCC |
| Modifying agency | BD-JhCC |
| 041 ## - LANGUAGE CODE | |
| Language code of Book | ben |
| 082 ## - DEWEY DECIMAL CLASSIFICATION NUMBER | |
| Classification number | 613 |
| Author mark and Year | CHW 1986 |
| 100 ## - MAIN ENTRY--PERSONAL NAME | |
| Personal name | চৌধরী,শুভাগত. |
| 245 ## - TITLE STATEMENT | |
| Title | আপনার কুশল, |
| Remainder of title | দ্বিতীয় খন্ড / |
| Statement of responsibility, etc | ডাঃশুভাগত চৌধরী। |
| 260 ## - PUBLICATION, DISTRIBUTION, ETC. (IMPRINT) | |
| Place of publication, distribution, etc | ঢাকা : |
| Name of publisher, distributor, etc | মুক্তধারা ; |
| Date of publication, distribution, etc | ১৯৮৬ । |
| 300 ## - PHYSICAL DESCRIPTION | |
| Pagination | ৯৫ p. : |
| Dimensions | 18 cm. |
| 651 ## - SUBJECT ADDED ENTRY--GEOGRAPHIC NAME | |
| Geographic name | Health and Hygiene. |
| 942 ## - ADDED ENTRY ELEMENTS (KOHA) | |
| Source of classification or shelving scheme | Library of Congress Classification |
| Koha item type | Books |
| Source of classification or shelving scheme | Damaged status | Not for loan | Home library | Current library | Shelving location | Cost, normal purchase price | Total Checkouts | Full call number | Barcode | Date last seen | Copy number | Koha item type |
|---|---|---|---|---|---|---|---|---|---|---|---|---|
| Dewey Decimal Classification | JCC Rouf Library | JCC Rouf Library | General Stacks | 25.00 | 613 CHW 1986 | 9181 | 02/28/2018 | C - 1 | Books |